| 000 | | | 04385nac2a22002893x 450 |
| 001 | | | 9ba9042d-2193-4fe8-93f5-3523f81b4b32 |
| 005 | | | 20210719160709.0 |
| 100 | ## | $a | 20210612l1937 k y0rusy50 ca |
| 101 | 0# | $a | rus |
| 102 | ## | $a | RU |
| 105 | ## | $a | y z ||||| |
| 122 | 0# | $a | d19370111 |
| 200 | 1# | $a | Стенограмма 1-го Заседания Пленума 3-й Сессии ЦИК СССР 7-го созыва |
| | $j | 11.01.1937 |
| 215 | ## | $a | 139 листов |
| 251 | ## | $c | Дело |
| 300 | ## | $a | Заголовок дела на папке: Стенограмма 1-го Заседания Пленума 3-й Сессии ЦИК СССР VII-го созыва. 11 января 1937 года. (Вечер) |
| 300 | ## | $a | Машинописный и рукописный текст |
| 330 | ## | $a | Входит в раздел описи: VII-й Съезд Советов. 3-я Сессия ЦИК СССР |
| 461 | #0 | $1 | 001796d4672-8a00-4986-b488-6e42273792cc |
| | $1 | 2001 |
| | $a | ЦЕНТРАЛЬНЫЙ ИСПОЛНИТЕЛЬНЫЙ КОМИТЕТ СССР (ЦИК СССР) |
| | $1 | 251 |
| | $c | Фонд |
| | $1 | 852 |
| | $j | 3316 |
| | $g | Р |
| 462 | #0 | $1 | 0012246e4af-064a-4b66-b386-cae0ddb7fb2d |
| | $1 | 2001 |
| | $a | Дела 7-го Съезда Советов и 1-й, 2-й, 3-й, 4-й Сессий 7-го созыва. 1935-1937 гг. |
| | $v | Д. 166 |
| | $1 | 251 |
| | $c | Опись |
| | $1 | 852 |
| | $j | 7 |
| 517 | 1# | $a | Стенограмма 1-го Заседания Пленума 3-й Сессии ЦИК СССР VII-го созыва. 11 января 1937 года. (Вечер) |
| 601 | 01 | $3 | RU\NLR\AUTH\880357276 |
| | $a | СССР |
| | $b | ЦИК |
| 601 | 02 | $3 | RU\NLR\AUTH\880399377 |
| | $a | СССР |
| | $b | ЦИК |
| | $b | Созыв |
| | $c | 7 |
| | $b | Сессия |
| | $d | 3 |
| 601 | 02 | $a | СССР. ЦИК. Созыв (7). Сессия (3). Заседание Пленума (1) |
| 801 | #0 | $a | RU |
| | $b | GA_RF |
| 801 | #1 | $a | RU |
| | $b | ГлавНИВЦ |
| | $c | 20210612 |
| | $2 | rusmarc |
| 801 | #2 | $a | RU |
| | $b | ПБ им. Б.Н. Ельцина |
| | $c | 20210719 |
| | $g | RCR |
| | $2 | rusmarc |
| 852 | ## | $a | ГА РФ |
| | $j | 166 |
| 937 | ## | $d | 166411556 |
| | $h | ГАРФ |
| 035 | ## | $a | RuPRLIB51060621 |
| 856 | ## | $u | http://readingroom.main.prlib.ru/item.aspx?id_node=n166411556&mode=full |